Az egység által ellátott belső és külső rendezvények szervezésének, felépítésének elemzése, különös tekintettel a tárgyi és személyi feltételek biztosítására a Thermal Hotel Visegrádban

Bibliographic Details
Main Author: Németh Levente István
Other Authors: Tóth Gábor
Format: Project work
Kulcsszavak:rendezvények
rendezvényszervezés
szálloda
személyi feltételek
tárgyi feltételek
Online Access:http://dolgozattar.uni-bge.hu/59727

MARC

LEADER 00000nnm a2200000 i 4500
001 dolg59727
005 20260409145500.0
008 260409suuuu hu o 000 hun d
040 |a BGE Dolgozattár Repozitórium  |b hun 
041 |a hu 
100 1 |a Németh Levente István 
245 1 3 |a Az egység által ellátott belső és külső rendezvények szervezésének, felépítésének elemzése, különös tekintettel a tárgyi és személyi feltételek biztosítására a Thermal Hotel Visegrádban  |c Németh Levente István  |h [elektronikus dokumentum] 
516 |a Project_work 
520 3 |a A Thermal Hotel Visegrád a rendezvényekkel, rendezvényszervezéssel kapcsolatban a Dunakanyari desztinációban nagy szakmai múlttal rendelkezik.A Szálloda honlapján közzétett rendezvényszervezéssel és lebonyolítással kapcsolatos információkat a gyakorlati idő alatt szerzett tapasztalatok megerősítették, azaz a konferenciaturizmusban, a rendezvényszervezésben már hosszú ideje profi munkát végeznek.Az eredményes munkához mind a személyi, mind a tárgyi feltételek rendelkezésre állnak, és a változó igényekhez még a Covid19-járvány után is jól alkalmazkodtak. A személyzet is minden tekintetben felkészült, a vendégkezelés jó gyakorlatát és a hatékony problémamegoldás technikáit a személyzetnek oktatják. 
695 |a rendezvények 
695 |a rendezvényszervezés 
695 |a szálloda 
695 |a személyi feltételek 
695 |a tárgyi feltételek 
700 1 |a Tóth Gábor  |e ths 
856 4 0 |u http://dolgozattar.uni-bge.hu/59727/1/Projektmunkav%C3%A9gleges1.pdf  |z Dokumentum-elérés 
856 4 0 |u http://dolgozattar.uni-bge.hu/59727/2/B%C3%ADr%C3%A1lati%20lap_N%C3%A9meth%20Levente%20Istv%C3%A1n_FOSZK_2025.pdf  |z Dokumentum-elérés